The discoverers / (Record no. 173)

000 -LEADER
fixed length control field 01207cam a2200361 a 4500
001 - CONTROL NUMBER
control field 3315685
003 - CONTROL NUMBER IDENTIFIER
control field OSt
005 - DATE AND TIME OF LATEST TRANSACTION
control field 20210417104143.0
008 - FIXED-LENGTH DATA ELEMENTS--GENERAL INFORMATION
fixed length control field 841031t19851983nyu b 001 0 eng
010 ## - LIBRARY OF CONGRESS CONTROL NUMBER
LC control number 84040056
020 ## - INTERNATIONAL STANDARD BOOK NUMBER
International Standard Book Number 0394726251 (pbk.) :
Terms of availability $9.95
040 ## - CATALOGING SOURCE
Original cataloging agency DLC
Language of cataloging eng
Transcribing agency DLC
Modifying agency DLC
050 00 - LIBRARY OF CONGRESS CALL NUMBER
Classification number CB69
Item number .B66 1985
051 ## - LIBRARY OF CONGRESS COPY, ISSUE, OFFPRINT STATEMENT
Classification number CB69
Item number .B66 1985 Copy 2
Copy information Copy 2. LC copy signed by the author.
080 ## - UNIVERSAL DECIMAL CLASSIFICATION NUMBER
Universal Decimal Classification number 94
Item number B-77
082 00 - DEWEY DECIMAL CLASSIFICATION NUMBER
Classification number 909
Edition number 19
100 1# - MAIN ENTRY--PERSONAL NAME
Personal name Boorstin, Daniel J.
Fuller form of name (Daniel Joseph),
Dates associated with a name 1914-2004.
245 14 - TITLE STATEMENT
Title The discoverers /
Statement of responsibility, etc. Daniel J. Boorstin.
250 ## - EDITION STATEMENT
Edition statement 1st Vintage Book ed.
260 ## - PUBLICATION, DISTRIBUTION, ETC.
Place of publication, distribution, etc. New York :
Name of publisher, distributor, etc. Vintage Books,
Date of publication, distribution, etc. 1985, c1983.
300 ## - PHYSICAL DESCRIPTION
Extent xvi, 745 p. ;
Dimensions 21 cm.
500 ## - GENERAL NOTE
General note Includes index.
504 ## - BIBLIOGRAPHY, ETC. NOTE
Bibliography, etc. note Bibliography: p. [685]-713.
650 #0 - SUBJECT ADDED ENTRY--TOPICAL TERM
Topical term or geographic name entry element Civilization
General subdivision History.
650 #0 - SUBJECT ADDED ENTRY--TOPICAL TERM
Topical term or geographic name entry element Discoveries in geography.
650 #0 - SUBJECT ADDED ENTRY--TOPICAL TERM
Topical term or geographic name entry element Science
General subdivision History.
653 ## - INDEX TERM--UNCONTROLLED
Uncontrolled term ისტორია
710 2# - ADDED ENTRY--CORPORATE NAME
Corporate name or jurisdiction name as entry element Daniel J. Boorstin Collection (Library of Congress)
Institution to which field applies DLC
856 42 - ELECTRONIC LOCATION AND ACCESS
Materials specified Publisher description
Uniform Resource Identifier <a href="http://www.loc.gov/catdir/enhancements/fy0601/84040056-d.html">http://www.loc.gov/catdir/enhancements/fy0601/84040056-d.html</a>
906 ## - LOCAL DATA ELEMENT F, LDF (RLIN)
a 7
b cbc
c orignew
d 1
e ocip
f 19
g y-gencatlg
942 ## - ADDED ENTRY ELEMENTS (KOHA)
Source of classification or shelving scheme
Koha item type Books
Edition 1
Holdings
Withdrawn status Lost status Source of classification or shelving scheme Damaged status Not for loan Permanent location Current location Date acquired Inventory number Full call number Barcode Date last seen Price effective from Koha item type
          Ken Walker International University Ken Walker International University 11/12/2020 148 94 B-77 148 11/12/2020 11/12/2020 Books

Powered by Koha